| 000 | 00679nam a2200181Ia 4500 | ||
|---|---|---|---|
| 008 | 090630s9999 xx 000 0 und d | ||
| 082 | _b297 | ||
| 100 | _aगाडगीळ अमरेंद्र. | ||
| 245 |
_aश्री गणेश कोश. _cगाडगीळ अमरेंद्र. |
||
| 260 |
_bव्होरा पब्लिशियर्स. _c1968 |
||
| 300 | _a0 | ||
| 600 | _aगाडगीळ अमरेंद्र. | ||
| 630 | _aश्री गणेश कोश. | ||
| 655 | _aसंदर्भ कोश. | ||
| 700 | _aगाडगीळ अमरेंद्र. | ||
| 730 | _aश्री गणेश कोश. | ||
| 942 | _cBOOK | ||
| 999 |
_c252153 _d252153 |
||